Statistics for J Balvin Charting Songs (Billboard Hot 100)

Click here to take the quiz!

General Stats

  • This quiz has been taken 31 times
    (11 since last reset)
  • The average score is 10 of 15

Answer Stats

AlbumWeeks OnPeakArtist(s)Song% Correct
Oasis5 Weeks#65J Balvin & Bad BunnyQue Pretendes
100%
Invasion of Privacy51 Weeks#1 (1 Week)Cardi B ft. Bad Bunny & J BalvinI Like It
100%
Vibras30 Weeks#3J Balvin & Willy William ft. BeyonceMi Gente
90%
Bad Boys For Life27 Weeks#26The Black Eyed Peas x J BalvinRITMO (Bad Boys for Life)
90%
Non-Album Single21 Weeks#41Nicky Jam & J BalvinX
80%
Emmanuel18 Weeks#43Anuel AA, Daddy Yankee & Carol G ft. J Balvin & OzunaChina
80%
Oasis8 Weeks#84J Balvin & Bad BunnyLa Cancion
80%
1 of 111 Weeks#64Sech, ROSALIA, Daddy Yankee, J Balvin & FarrukoRelacion
70%
Famouz14 Weeks#71Jhay Cortez, J Balvin & Bad BunnyNo Me Conoce
70%
Non-Album Single14 Weeks#63J Balvin, Dua Lipa, Bad Bunny & TainyUN DIA (ONE DAY)
50%
Carte Blanche2 Weeks#95DJ Snake, J Balvin & TygaLoco Contigo
50%
Non-Album Single5 Weeks#66benny blanco, Selena Gomez, J Balvin & TainyI Can't Get Enough
40%
Non-Album Single9 Weeks#69Ozuna ft. Daddy Yankee, J Balvin, Farruko & Anuel AABaila Baila Baila
40%
Energia15 Weeks#84J BalvinGinza
40%
Father of Asahd4 Weeks#44DJ Khaled ft. Meek Mill, J Balvin, Lil Baby & JeremihYou Stay
20%

Score Distribution

Percentile by Number Answered

Percent of People with Each Score

Your Score History

You have not taken this quiz since the last reset